LDR 00935naa#a2200169#i#450# 001 RU\\bibl\120751 005 20260516082537.6 011 ## _a2687-0185 100 ## _a20251202b2025####ek#y0rusy0150####ca 102 ## _aRU 200 1# _aМесто и роль подразделений по делам несовершеннолетних в области обеспечения прав и свобод несовершеннолетних в системе Министерства внутренних дел Российской Федерации _eЖурнальная статья 210 1# _aМосква _cМосковский университет МВД России имени В.Я. Кикотя _d2025 215 ## _a5 с. 608 ## _aЖурнальная статья _2local 675 ## _aПраво. Юридические науки. 34 _z 700 #1 _aРжаницына _gИрина Александровна 856 4# _amosumvd.editorum.ru _u